| 000 | 005210000a22001570004500 | ||
|---|---|---|---|
| 090 |
_aAR _b02969 |
||
| 245 | 1 | 0 | _aFlagships, umbrellas, and keystones: is single-species management passé in the landscape era? |
| 650 | 1 | 4 |
_aEspecies sombrilla _996482 |
| 650 | 1 | 4 |
_aEcología del paisaje _992227 |
| 650 | 1 | 4 |
_aCalidad del hábitat _994704 |
| 650 | 1 | 4 |
_aEspecies en peligro _993276 |
| 041 | 0 | _aInglés | |
| 100 | 1 |
_aSimberloff, Daniel _994845 |
|
| 942 | _cARTICULO | ||
| 773 | 1 |
_tBiological Conservation _3147 _q247-257 _d1998 _g83 |
|
| 999 |
_c12027 _d12027 |
||